000 00846cab a2200253 4500
001 WB3122-43
008 090401t1995 xxu||||| |||| 00| 0 eng d
035 _a(Sirsi) u70355
041 _aeng
245 _aHigher standards for estate agents
260 _c1995
350 _a0
490 _aNational Association of Estate Agents News Release
_v8 June 1995 (2)
520 _aThe NAEA is appointed as a National Assessment Centre for Vocational Qualifications, allowing it to offer NVQs and SVQs.
650 _aESTATE AGENTS
650 _aNATIONAL ASSOCIATION OF ESTATE AGENTS
650 _aNATIONAL VOCATIONAL QUALIFICATIONS
650 _aQUALIFICATIONS
650 _aSTANDARDS
650 _aCAREERS, EDUCATION AND TRAINING
690 _aMANAGEMENT-BUSINESS MANAGEMENT-PROFESSIONAL PRACTICE
942 _n0
948 _c04/03/1997
999 _c44239
_d44239